LEADER 03225nam 2200517 450 001 9910556875903321 005 20221208213123.0 010 $a1-4842-7866-6 024 7 $a10.1007/978-1-4842-7866-6 035 $a(MiAaPQ)EBC6940023 035 $a(Au-PeEL)EBL6940023 035 $a(CKB)21425628900041 035 $a(OCoLC)1306234471 035 $a(OCoLC-P)1306234471 035 $a(CaSebORM)9781484278666 035 $a(PPN)261524100 035 $a(EXLCZ)9921425628900041 100 $a20221112d2022 uy 0 101 0 $aeng 135 $aurcnu|||||||| 181 $ctxt$2rdacontent 182 $cn$2rdamedia 183 $anc$2rdacarrier 200 10$aChief sustainability officers at work $ehow CSOs build successful sustainability and ESG strategies /$fChrissa Pagitsas 205 $a[First edition]. 210 1$aBerkeley, California :$cApress L. P.,$d[2022] 210 4$dİ2022 215 $axviii, 336 pages ;$d24 cm 300 $aIncludes index. 311 08$aPrint version: Pagitsas, Chrissa Chief Sustainability Officers at Work Berkeley, CA : Apress L. P.,c2022 9781484278659 320 $aIncludes index. 327 $aPart I: Consumer Goods, Entertainment and Gaming -- 1. Beatriz Perez, The Coca-Cola Company -- 2. Ezgi Barcenas, Anheuser-Busch InBev -- 3. Pia Heidenmark Cook, IKEA -- 4. Virginie Helias, Procter & Gamble -- 5. Marissa (Pagnani) McGowan, PVH Corp. -- 6. Jyoti Chopra, MGM Resorts International -- 7. Emma Stewart, Netflix -- Part II: Technology, Telecommunications, and Professional Services -- 8. Kara Hurst, Amazon -- 9. Steve Varley, EY -- 10. Sophia Mendelsohn, Cognizant -- 11. Brian Tippens, HPE -- 12. James Gowen, Verizon -- 13. Kevin Hagen, Iron Mountain -- Part III: Energy, Building Materials and Equipment Manufacturing -- 14. Katherine Neebe, Duke Energy -- 15. Oliver Blum, Schneider Electric -- 16. Scott Tew, Trane Technologies -- 17. Frank O'Brien-Bernini, Owens Corning -- Part IV: Financial Services and Real Estate -- 18. Elsa Palanza, Barclays -- 19. Yulanda Chung, DBS Bank -- 20. Heidi DuBois, AEA Investors LP -- 21. Marisa Buchanan, JPMorgan Chase & Co. -- 22. Cynthia Curtis, Jones Lang LaSalle -- 23. Michelle Edkins & Alexis Rosenblum, BlackRock -- 24. Steve Waygood, Aviva Investors. 330 $aRead over 20 exclusive, in-depth interviews with chief sustainability officers (CSOs) of Fortune 500 companies such as Amazon, Coca-Cola, and Procter & Gamble and globally recognized brands such as IKEA and Netflix. These CSOs reveal how they deliver positive environmental and social impact through their companies' core products and services and generate revenue growth while tackling unique leadership, change management, regulatory and stakeholder challenges. 606 $aSustainable development$xManagement 606 $aSocial responsibility of business 615 0$aSustainable development$xManagement. 615 0$aSocial responsibility of business. 676 $a338.927 700 $aPagitsas$b Chrissa$01218646 801 0$bMiAaPQ 801 1$bMiAaPQ 801 2$bMiAaPQ 906 $aBOOK 912 $a9910556875903321 996 $aChief Sustainability Officers at Work$92818182 997 $aUNINA